|
|
|
|
| LEADER |
00000nam a2200000 a 4500 |
| 001 |
vtls008358436 |
| 003 |
SK-MaSNL |
| 005 |
20260302014802.0 |
| 008 |
181127s1959 xo 000 hun |
| 015 |
|
|
|a SKSNBA1959/12-01984
|
| 035 |
|
|
|a SK01SNK19590050653
|
| 035 |
|
|
|a SKM000053116
|
| 040 |
|
|
|a SNK
|b slo
|c SNK
|e AACR2
|
| 041 |
1 |
|
|a hun
|h cze
|
| 044 |
|
|
|a xo
|c SK
|
| 080 |
|
|
|a 371.671(075.1)(091)=945.11
|2 1981
|
| 100 |
1 |
|
|a Trapl, Miroslav
|4 aut
|9 422663
|
| 245 |
1 |
0 |
|a Történelem
|b ideiglenes tankönyv a csehszlov., általános műveltséget nyújtó magyar tannyelvű iskolák 9. záró évfólyama számára
|c Miloslav Trapl, Vratislava Čapek ; szlov. nyelvre ford. Janek František ; magyar ford. Vadkerty Katalin
|
| 260 |
|
|
|a Bratislava
|b Slovenské pedagogické nakladateľstvo
|c 1959
|e Komárno
|f Západoslovenské tlačiarne
|
| 300 |
|
|
|a 207, [4] s.
|c 8°
|
| 500 |
|
|
|a Ilustr. Mp. Marginálie
|
| 563 |
|
|
|a 4700 výtl.
|
| 651 |
|
7 |
|a Československo
|x dejiny
|x učebnice všeobecnovzdel. škôl (9. roč.) maď.
|2 SNK
|9 532016
|
| 655 |
|
7 |
|a učebnice
|2 SNKPH
|9 22521
|
| 700 |
1 |
|
|a Čapek, Vratislav
|4 aut
|9 377185
|
| 700 |
1 |
|
|a Janek, František,
|d 1918-1964
|4 trl
|9 185362
|
| 700 |
1 |
|
|a Vadkerty, Katalin,
|d 1928-
|4 trl
|9 109171
|
| 852 |
|
|
|a Slovenská národná knižnica v Martine
|b 10000
|h SD 17960
|
| 852 |
|
|
|a Slovenská národná knižnica v Martine
|b 10000
|h SD 17960 D1
|
| 919 |
|
|
|a brož.
|
| 958 |
|
|
|a OND
|
| 958 |
|
|
|a RK
|
| 958 |
|
|
|a TL
|
| 958 |
|
|
|a UC
|
| 958 |
|
|
|a OP
|
| 958 |
|
|
|a CZ
|
| 999 |
|
|
|c 1018331
|d 1020261
|
| 952 |
|
|
|a SNK
|b SNK
|y PREZ
|7 0
|p 17A0629424
|o snkSD 17960
|i snkKSP 3883/59
|0 0
|1 0
|4 0
|d 2009-09-07
|l 0
|r 2025-12-02 00:00:00
|w 2026-02-24
|